000 00716nam a22002537a 4500
001 36186
003 UA-OsUOA
005 20210109150406.0
007 ta
008 20060119b un ||||| |||| 00| 0 ukr d
020 _a966-521-138-2
040 _aUA-OsUOA
_brus
_cUA-OsUOA
_dUA-OsUOA
041 _arus
080 _a128:393
090 _a128:393
_bШ47
100 _aШенкао М. А.
245 _aСмерть как социокультурный феномен
260 _aК.
_bНика-Центр
_c2003
300 _a320 с.
650 7 _a1 Філософські науки
_2UDC
942 _cBK
_2udc
955 _a2
999 _c322434
_d322434